[Event "Open Olomouc 2009"]
[Site "Olomouc (CZE)"]
[Date "2009.08.11"]
[Round "7.6"]
[White "Karasik, Evgeny"]
[Black "Pozin, Sergey"]
[Result "0-1"]
[WhiteElo "2268"]
[BlackElo "2421"]
[PlyCount "162"]
[EventDate "2009.08.06"]

1. e4 c5 2. Nf3 d6 3. d4 cxd4 4. Nxd4 Nf6 5. Nc3 Nc6 6. Bc4 Na5 7. Bb5+ Bd7 8.
Qe2 e6 9. Bg5 a6 10. Bxd7+ Qxd7 11. O-O-O O-O-O 12. e5 dxe5 13. Ndb5 Qe8 14.
Na7+ Kb8 15. Qxe5+ Kxa7 16. Qxa5 Bd6 17. Be3+ Ka8 18. Rd4 Qe7 19. Rhd1 Bc7 20.
Qa4 Be5 21. Rxd8+ Rxd8 22. Rxd8+ Qxd8 23. Qb4 Qd6 24. Qxd6 Bxd6 25. h3 Kb8 26.
a3 Kc7 27. Kd2 Kc6 28. Kd3 b5 29. Ne4 Nxe4 30. Kxe4 f5+ 31. Kd3 Kd5 32. Bc1 e5
33. f3 a5 34. b3 e4+ 35. fxe4+ fxe4+ 36. Ke3 a4 37. Bb2 Bc5+ 38. Kd2 Bd4 39.
Bc1 Bf6 40. Ke2 Bc3 41. Ke3 Ke5 42. Ke2 g6 43. Ke3 Kd5 44. Ke2 Bg7 45. Bd2 Bf8
46. Bc1 Bc5 47. Bb2 h5 48. Bc1 Be7 49. Bb2 Bd6 50. Bc1 Be5 51. Bd2 Bd4 52. Bc1
Bc3 53. Ke3 Ke5 54. Ke2 Kf5 55. Kf2 Ke5 56. Ke2 Ba1 57. Ke3 Kd5 58. Bd2 Bd4+
59. Ke2 Bc5 60. Bc1 Be7 61. Bb2 Bc5 62. Bc1 Bd6 63. Bb2 Be5 64. Bxe5 Kxe5 65.
bxa4 bxa4 66. Ke3 h4 67. c3 Kd5 68. Kf4 Kc4 69. Kxe4 Kxc3 70. Kf4 Kb3 71. Kg5
Kxa3 72. Kxg6 Kb4 73. Kg5 a3 74. Kxh4 a2 75. g4 a1=Q 76. g5 Kc5 77. g6 Qe5 78.
Kg4 Kd6 79. h4 Ke6 80. g7 Qxg7+ 81. Kh5 Qg2 0-1

[Event "Open Olomouc 2009"]
[Site "Olomouc (CZE)"]
[Date "2009.08.11"]
[Round "7.7"]
[White "Ianov, Viktor"]
[Black "Cagasik, Tomas"]
[Result "1-0"]
[WhiteElo "2364"]
[BlackElo "2259"]
[PlyCount "67"]
[EventDate "2009.08.06"]

1. Nf3 Nf6 2. g3 c5 3. Bg2 Nc6 4. O-O g6 5. c3 Bg7 6. d3 O-O 7. Qa4 d6 8. Qh4
Ne5 9. Nxe5 dxe5 10. Na3 Rb8 11. Nc4 Nd7 12. a4 b6 13. Bg5 Bf6 14. f4 exf4 15.
gxf4 Bb7 16. e4 Bxg5 17. Qxg5 f5 18. Rae1 e6 19. exf5 Bxg2 20. Qxg2 exf5 21.
Qd5+ Kg7 22. Nd6 Nf6 23. Qe6 Ne8 24. Qe5+ Qf6 25. Nxf5+ gxf5 26. Qxb8 Qg6+ 27.
Kf2 Nf6 28. Qb7+ Rf7 29. Qg2 Ng4+ 30. Kg1 Rd7 31. Rf3 Kf8 32. Rg3 Qd6 33. h3
Nf6 34. Re5 1-0

[Event "Open Olomouc 2009"]
[Site "Olomouc (CZE)"]
[Date "2009.08.11"]
[Round "7.8"]
[White "Furman, Boris"]
[Black "Dukaczewski, Piotr"]
[Result "0-1"]
[WhiteElo "2224"]
[BlackElo "2282"]
[PlyCount "120"]
[EventDate "2009.08.06"]

1. d4 Nf6 2. c4 g6 3. Nc3 Bg7 4. Nf3 O-O 5. Bg5 c5 6. d5 b5 7. Nxb5 Ne4 8. Bc1
Qa5+ 9. Nd2 e6 10. f3 a6 11. Na3 Nd6 12. Kf2 exd5 13. Nb3 Qc7 14. Qxd5 Bb7 15.
Qxc5 Nc6 16. g4 Rfe8 17. Kg2 Re6 18. Nc2 Rc8 19. Bf4 Bxb2 20. Rd1 Be5 21. Bxe5
Nxe5 22. Qxc7 Rxc7 23. c5 Nxg4 24. Nbd4 Rxc5 25. Nxe6 dxe6 26. Rxd6 Rxc2 27.
Rb6 Bd5 28. Rxa6 Ne5 29. Kg3 Bxa2 30. e4 Bb3 31. Bg2 Rc3 32. Rb1 Bc2 33. Rb5
Nxf3 34. Kf4 Ne1 35. Bh1 Kg7 36. Ra7 Nd3+ 37. Ke3 Rc8 38. Rbb7 Ne5 39. Kf4 Kf6
40. Rc7 Rd8 41. Rxc2 Rd3 42. Rxf7+ Nxf7 43. e5+ Nxe5 44. Ke4 Rd5 45. Rf2+ Ke7
46. h4 Ra5 47. Rg2 Nf7 48. Kf4 Ra4+ 49. Kg3 h5 50. Re2 Nd6 51. Bd5 Nf5+ 52. Kf2
Rf4+ 53. Kg1 e5 54. Rxe5+ Kd6 55. Re4 Rxh4 56. Rxh4 Nxh4 57. Bf7 Ke7 58. Bxg6
Nxg6 59. Kh2 Kf6 60. Kg3 Kg5 0-1

[Event "Open Olomouc 2009"]
[Site "Olomouc (CZE)"]
[Date "2009.08.11"]
[Round "7.9"]
[White "Ter-Karapetian, Alex"]
[Black "Dzupin, Dmitry"]
[Result "1-0"]
[WhiteElo "2191"]
[BlackElo "2270"]
[PlyCount "101"]
[EventDate "2009.08.06"]

1. Nf3 c5 2. c4 Nc6 3. Nc3 g6 4. g3 Bg7 5. Bg2 d6 6. d3 Nh6 7. O-O O-O 8. Rb1
Nf5 9. e3 e5 10. Nd5 Be6 11. a3 Rb8 12. Nc3 a6 13. b4 cxb4 14. axb4 b5 15. Nd2
Nfe7 16. Nd5 Qd7 17. Ba3 Bh3 18. Ne4 Nxd5 19. cxd5 Ne7 20. Qb3 Bxg2 21. Kxg2 h6
22. Nd2 f5 23. e4 Rf7 24. Bb2 Rbf8 25. f3 h5 26. Qd1 g5 27. Qe2 Ng6 28. exf5
Rxf5 29. Qe4 Ne7 30. Rfc1 Bh6 31. Rc2 Qb7 32. d4 Qxd5 33. Rc7 Qe6 34. dxe5 dxe5
35. Rc5 Qa2 36. Bc3 g4 37. f4 Bg7 38. Kg1 R8f7 39. Ra1 Qe6 40. Bxe5 Bxe5 41.
Rxe5 Rxe5 42. Qxe5 Qb6+ 43. Kg2 Qb7+ 44. Kg1 Nf5 45. Ne4 Qc6 46. Rd1 Rf8 47.
Nc5 h4 48. gxh4 Qh6 49. Rd5 Qxh4 50. Qe6+ Rf7 51. Rxf5 1-0

[Event "Open Olomouc 2009"]
[Site "Olomouc (CZE)"]
[Date "2009.08.11"]
[Round "7.10"]
[White "Dauth, Benjamin"]
[Black "Freyberg, Dominic"]
[Result "1/2-1/2"]
[WhiteElo "2318"]
[BlackElo "2191"]
[PlyCount "25"]
[EventDate "2009.08.06"]

1. e4 d5 2. exd5 Qxd5 3. Nc3 Qa5 4. d4 Bf5 5. Nf3 c6 6. Bc4 e6 7. Bd2 Bb4 8. a3
Bxc3 9. Bxc3 Qc7 10. d5 cxd5 11. Bxg7 Qxc4 12. Bxh8 Qe4+ 13. Qe2 1/2-1/2

[Event "Open Olomouc 2009"]
[Site "Olomouc (CZE)"]
[Date "2009.08.11"]
[Round "7.11"]
[White "Tikkanen, Hans"]
[Black "Strekalovski, Viktor"]
[Result "1-0"]
[WhiteElo "2434"]
[BlackElo "2147"]
[PlyCount "75"]
[EventDate "2009.08.06"]

1. d4 c6 2. Nf3 Qc7 3. e4 d6 4. Nc3 Bg4 5. Bc4 e6 6. h3 Bh5 7. Bf4 Nd7 8. Bh2
Be7 9. O-O e5 10. Qd3 Ngf6 11. Nh4 Bg6 12. Nf5 Bxf5 13. exf5 O-O 14. Rfe1 a6
15. Qe3 b5 16. Bb3 Rad8 17. dxe5 dxe5 18. a4 b4 19. Ne4 Nxe4 20. Qxe4 Bd6 21.
Bg3 Nf6 22. Qe2 a5 23. Bxe5 Bxe5 24. Qxe5 Qb6 25. Qe3 c5 26. Rad1 Rxd1 27. Rxd1
Qc6 28. Qf4 h6 29. Qd6 Qc8 30. Qd3 Kh7 31. Bc4 Qe8 32. b3 Rh8 33. Qd6 Qe4 34.
Qd3 Qe7 35. Qd6 Qe4 36. Bd3 Qh4 37. Qxc5 Rd8 38. Re1 1-0

[Event "Open Olomouc 2009"]
[Site "Olomouc (CZE)"]
[Date "2009.08.11"]
[Round "7.12"]
[White "Rudolf, Michal"]
[Black "Maslak, Alexander"]
[Result "1/2-1/2"]
[WhiteElo "2383"]
[BlackElo "2191"]
[PlyCount "64"]
[EventDate "2009.08.06"]

1. e4 c5 2. Nf3 d6 3. d4 cxd4 4. Nxd4 Nf6 5. Nc3 Nc6 6. Nb3 e6 7. Bd3 a6 8. O-O
b5 9. Qe2 Be7 10. f4 Qc7 11. Bd2 b4 12. Nb1 O-O 13. a3 Bb7 14. axb4 Nxb4 15.
Bxb4 Qb6+ 16. Kh1 Qxb4 17. Nc3 a5 18. Ra4 Qb6 19. Rfa1 Nd7 20. Rxa5 Nc5 21.
Rxa8 Bxa8 22. Na4 Nxa4 23. Rxa4 g6 24. Ra6 Qb8 25. Qe3 Bf6 26. Qb6 Bxb2 27.
Qxb8 Rxb8 28. Rxd6 Kg7 29. Kg1 Rb4 30. f5 Bxe4 31. Bxe4 Rxe4 32. fxe6 Rxe6
1/2-1/2

[Event "Open Olomouc 2009"]
[Site "Olomouc (CZE)"]
[Date "2009.08.11"]
[Round "7.13"]
[White "Shishkin, Vladimir"]
[Black "Karlik, Vladimir"]
[Result "1/2-1/2"]
[WhiteElo "2186"]
[BlackElo "2299"]
[PlyCount "34"]
[EventDate "2009.08.06"]

1. f4 d5 2. Nf3 c5 3. g3 g6 4. Bg2 Bg7 5. O-O Nh6 6. d3 d4 7. Na3 Nc6 8. Bd2
O-O 9. c4 Nf5 10. Nc2 Qd6 11. a3 a5 12. Rb1 f6 13. g4 Nh6 14. h3 a4 15. e4 dxe3
16. Bxe3 e5 17. Qd2 Nf7 1/2-1/2

[Event "Open Olomouc 2009"]
[Site "Olomouc (CZE)"]
[Date "2009.08.11"]
[Round "7.14"]
[White "Schulz, Joern"]
[Black "Kirsanova, Ekaterina"]
[Result "1/2-1/2"]
[WhiteElo "2281"]
[BlackElo "2131"]
[PlyCount "34"]
[EventDate "2009.08.06"]

1. Nf3 c5 2. c4 Nf6 3. g3 d5 4. cxd5 Nxd5 5. Bg2 Nc6 6. O-O Nc7 7. b3 e5 8. Bb2
f6 9. d3 Be7 10. Nc3 O-O 11. Rc1 Be6 12. a3 Rc8 13. Nd2 Qd7 14. Na4 Na6 15. Nc3
Nc7 16. Na4 Na6 17. Nc3 Nc7 1/2-1/2

[Event "Open Olomouc 2009"]
[Site "Olomouc (CZE)"]
[Date "2009.08.12"]
[Round "8.5"]
[White "Rojicek, Vojtech"]
[Black "Ter-Karapetian, Alex"]
[Result "1/2-1/2"]
[WhiteElo "2405"]
[BlackElo "2191"]
[PlyCount "107"]
[EventDate "2009.08.06"]

1. d4 d5 2. c4 c6 3. Nf3 Nf6 4. e3 e6 5. Bd3 Nbd7 6. O-O Bd6 7. Nc3 O-O 8. e4
dxc4 9. Bxc4 e5 10. Bg5 b5 11. Bb3 a6 12. Re1 Bb7 13. Rc1 Rc8 14. h3 Re8 15.
Rc2 b4 16. Na4 h6 17. Bh4 Qe7 18. dxe5 Bxe5 19. Nxe5 Nxe5 20. Nc5 Rcd8 21. Qe2
g5 22. Bg3 Bc8 23. Bxe5 Qxe5 24. Nxa6 Rd4 25. Nc5 g4 26. h4 Red8 27. g3 Kg7 28.
a4 Re8 29. a5 Nxe4 30. Nxe4 Rxe4 31. Qxe4 Qxe4 32. Rxe4 Rxe4 33. Bd5 Re1+ 34.
Kh2 cxd5 35. Rxc8 Ra1 36. Rc5 Ra2 37. a6 b3 38. a7 Rxa7 39. Rxd5 Rc7 40. Rd3
Rc2 41. Rxb3 Rxf2+ 42. Kg1 Rc2 43. Rb6 h5 44. b3 f6 45. b4 Rc3 46. Kf2 Rf3+ 47.
Kg2 Rb3 48. b5 Rb2+ 49. Kf1 Rb3 50. Kf2 Rb2+ 51. Kf1 Rb3 52. Kf2 Rb2+ 53. Kf1
Rb1+ 54. Kf2 1/2-1/2

[Event "Open Olomouc 2009"]
[Site "Olomouc (CZE)"]
[Date "2009.08.12"]
[Round "8.6"]
[White "Kasparov, Sergey"]
[Black "Zwardon, Vojtech"]
[Result "1-0"]
[WhiteElo "2487"]
[BlackElo "2231"]
[PlyCount "81"]
[EventDate "2009.08.06"]

1. e4 c5 2. Nf3 g6 3. c4 Bg7 4. d4 cxd4 5. Nxd4 Nc6 6. Be3 Qb6 7. Nb3 Qc7 8.
Qd2 Nf6 9. f3 O-O 10. Nc3 d6 11. Rc1 Bd7 12. Nd5 Qd8 13. Be2 Rc8 14. O-O b6 15.
Bg5 Ne8 16. f4 Nc7 17. Bh4 Qe8 18. Rcd1 f6 19. Bf2 Ne6 20. Bf3 Ncd8 21. Rc1 Nf7
22. Bg4 Nc5 23. Bxd7 Qxd7 24. Qe2 Rfe8 25. Nd2 Na4 26. b3 e6 27. Ne3 Nc5 28. b4
Na6 29. a3 Nc7 30. Qd3 Red8 31. Rfd1 Qe7 32. Bg3 Bh6 33. Ng4 Bg7 34. Ne3 Bh6
35. Rf1 a6 36. Nb3 Qe8 37. Ng4 Bg7 38. Bh4 Qe7 39. Nd4 Ne8 40. f5 Ne5 41. Qe2
1-0

[Event "Open Olomouc 2009"]
[Site "Olomouc (CZE)"]
[Date "2009.08.12"]
[Round "8.7"]
[White "Faerman, Igor"]
[Black "Tikkanen, Hans"]
[Result "1/2-1/2"]
[WhiteElo "2249"]
[BlackElo "2434"]
[PlyCount "31"]
[EventDate "2009.08.06"]

1. e4 d5 2. exd5 Nf6 3. c4 c6 4. d4 cxd5 5. Nc3 e6 6. Nf3 Be7 7. cxd5 Nxd5 8.
Bd3 Nc6 9. O-O O-O 10. Re1 Nxc3 11. bxc3 Qc7 12. Qc2 g6 13. Bh6 Rd8 14. h4 Bd7
15. h5 Be8 16. Qd2 1/2-1/2

[Event "Open Olomouc 2009"]
[Site "Olomouc (CZE)"]
[Date "2009.08.12"]
[Round "8.8"]
[White "Jasny, Stanislav"]
[Black "Ilandzis, Spyridon"]
[Result "1-0"]
[WhiteElo "2364"]
[BlackElo "2173"]
[PlyCount "151"]
[EventDate "2009.08.06"]

1. e4 c5 2. Nf3 Nc6 3. d4 cxd4 4. Nxd4 g6 5. Nc3 Bg7 6. Be3 Nf6 7. Bc4 O-O 8.
Bb3 a5 9. O-O a4 10. Nxa4 Nxe4 11. Nb5 Ra6 12. c4 d6 13. Qe2 Nf6 14. f3 Be6 15.
Rad1 b6 16. Nac3 Na5 17. Nd5 Nxb3 18. axb3 Bxd5 19. cxd5 Ra2 20. Bd4 Qa8 21.
Nc3 Ra7 22. b4 Rb8 23. f4 Ne8 24. f5 Bxd4+ 25. Rxd4 Ng7 26. fxg6 hxg6 27. Rdf4
Rf8 28. Qf2 Ra1 29. Qxb6 Nf5 30. b5 Rb8 31. Qf2 Rxf1+ 32. Qxf1 Qa7+ 33. Kh1 e5
34. dxe6 fxe6 35. Qe2 Kg7 36. Ra4 Qd7 37. Qf2 Rb7 38. g4 Ne7 39. Ra8 Nc8 40. g5
Ra7 41. Rxa7 Nxa7 42. Qf6+ Kh7 43. Qf8 Nxb5 44. Qh6+ Kg8 45. Qxg6+ Kh8 46. Qf6+
Kg8 47. Nxb5 Qxb5 48. Qxe6+ Kg7 49. Qf6+ Kg8 50. h3 Qe2 51. Kg1 Qd2 52. Kf1 Qh2
53. Qg6+ Kh8 54. Qf6+ Kg8 55. g6 Qxh3+ 56. Kf2 Qh2+ 57. Ke3 Qg1+ 58. Ke4 Qg2+
59. Kd3 Qd5+ 60. Ke3 Qc5+ 61. Ke4 d5+ 62. Kf3 Qc7 63. Qe6+ Kg7 64. Qxd5 Kxg6
65. Qe4+ Kg7 66. Qg4+ Kh7 67. Qh4+ Kg8 68. Qg4+ Kh7 69. Qd4 Qa5 70. Kf4 Qb5 71.
Qe4+ Kg8 72. Qe6+ Kf8 73. Qf5+ Qxf5+ 74. Kxf5 Ke7 75. Ke5 Kd7 76. Kd5 1-0

[Event "Open Olomouc 2009"]
[Site "Olomouc (CZE)"]
[Date "2009.08.12"]
[Round "8.10"]
[White "Freyberg, Dominic"]
[Black "Ptacnikova, Lenka"]
[Result "0-1"]
[WhiteElo "2191"]
[BlackElo "2258"]
[PlyCount "54"]
[EventDate "2009.08.06"]

1. e4 c5 2. Nc3 e6 3. f4 d5 4. Nf3 dxe4 5. Nxe4 Nc6 6. d3 Nh6 7. g3 b6 8. Bg2
Bb7 9. Bd2 Nf5 10. O-O Be7 11. Nf2 Qc7 12. c3 O-O 13. Ng5 Bxg5 14. fxg5 Ne5 15.
Bf4 Bxg2 16. Kxg2 Qc6+ 17. Kh3 Ng6 18. Ne4 Rad8 19. Qf3 Qd5 20. Rad1 Qxa2 21.
Qh5 Qxb2 22. Bc1 Qc2 23. Rd2 Qb3 24. Nf6+ gxf6 25. gxf6 Qxc3 26. Rdf2 Rxd3 27.
Bb2 Rxg3+ 0-1

[Event "Open Olomouc 2009"]
[Site "Olomouc (CZE)"]
[Date "2009.08.12"]
[Round "8.11"]
[White "Nemcova, Katerina"]
[Black "Van Den Dikkenberg, Erik"]
[Result "1-0"]
[WhiteElo "2251"]
[BlackElo "2107"]
[PlyCount "119"]
[EventDate "2009.08.06"]

1. e4 c5 2. Nf3 d6 3. d4 cxd4 4. Nxd4 Nf6 5. Nc3 a6 6. Be3 Ng4 7. Bg5 h6 8. Bh4
g5 9. Bg3 Bg7 10. h3 Ne5 11. f3 Nbc6 12. Bf2 Nxd4 13. Bxd4 Be6 14. Qd2 Rc8 15.
h4 Qa5 16. a3 Kf8 17. O-O-O b5 18. Kb1 b4 19. axb4 Qxb4 20. Nd5 Qxd2 21. Rxd2
Bxd5 22. exd5 a5 23. Be3 Rb8 24. hxg5 hxg5 25. Rxh8+ Bxh8 26. Bxg5 Nd7 27. Bh6+
Ke8 28. c4 Nc5 29. Rc2 Rb4 30. Bd2 Ra4 31. Bc3 Nb3 32. Rf2 Bxc3 33. bxc3 Ra1+
34. Kb2 a4 35. c5 dxc5 36. Bb5+ Kd8 37. Bxa4 Rxa4 38. Kxb3 Ra5 39. Kc4 Kd7 40.
Rb2 Kd6 41. Rb6+ Kd7 42. g3 Ra3 43. Rb3 Ra5 44. Rb5 Ra1 45. Kxc5 Rf1 46. Rb7+
Ke8 47. Kc6 f6 48. f4 Rf3 49. c4 Rxg3 50. c5 Rd3 51. Rb4 f5 52. Kb7 Rxd5 53. c6
e5 54. c7 Rc5 55. fxe5 Ke7 56. c8=Q Rxc8 57. Kxc8 Ke6 58. Rb5 f4 59. Kd8 f3 60.
Rb3 1-0

[Event "Open Olomouc 2009"]
[Site "Olomouc (CZE)"]
[Date "2009.08.12"]
[Round "8.12"]
[White "Korchagina, Victoria"]
[Black "Rudolf, Michal"]
[Result "0-1"]
[WhiteElo "2166"]
[BlackElo "2383"]
[PlyCount "62"]
[EventDate "2009.08.06"]

1. e4 Nf6 2. e5 Nd5 3. d4 d6 4. Bc4 Nb6 5. Bb3 dxe5 6. Qh5 e6 7. dxe5 Nc6 8.
Nc3 a5 9. a4 g6 10. Qe2 Bg7 11. Nf3 Nd4 12. Nxd4 Qxd4 13. f4 Bd7 14. Be3 Qb4
15. O-O Bc6 16. Qf2 Nd7 17. Ne2 O-O 18. Rad1 Qe7 19. Nd4 Bd5 20. c4 Be4 21. Nb5
Rfc8 22. Rd2 Bf8 23. Rfd1 Nc5 24. Nd6 Nxb3 25. Nxc8 Rxc8 26. Rd7 Qe8 27. Qh4
Bd5 28. f5 Qxd7 29. f6 Qxa4 30. Bh6 Qxc4 31. Qh3 Qe2 0-1

[Event "Open Olomouc 2009"]
[Site "Olomouc (CZE)"]
[Date "2009.08.12"]
[Round "8.13"]
[White "Svancara, Petr"]
[Black "Plischki, Sebastian"]
[Result "0-1"]
[WhiteElo "2164"]
[BlackElo "2368"]
[PlyCount "70"]
[EventDate "2009.08.06"]

1. e4 e5 2. Nc3 Nf6 3. g3 d5 4. exd5 Nxd5 5. Bg2 Nxc3 6. bxc3 Bd6 7. Ne2 O-O 8.
O-O Nd7 9. d3 Rb8 10. Be3 b6 11. f4 exf4 12. Nxf4 Bxf4 13. Bxf4 Bb7 14. Bxb7
Rxb7 15. Qf3 Rb8 16. Rae1 Nc5 17. Re2 Qd7 18. Rfe1 Ne6 19. d4 Rbd8 20. Be5 c6
21. h4 Qd5 22. Qg4 c5 23. dxc5 Qxc5+ 24. Kh2 Rd5 25. c4 Rdd8 26. h5 f5 27. Qh4
h6 28. Ba1 Ng5 29. Qf4 Rd7 30. Rf1 Re7 31. Rxe7 Qxe7 32. Rf2 Qf7 33. Qh4 Rc8
34. Kg1 Rxc4 35. Qh1 Re4 0-1

[Event "Open Olomouc 2009"]
[Site "Olomouc (CZE)"]
[Date "2009.08.12"]
[Round "8.14"]
[White "Oresky, Jan"]
[Black "Dauth, Benjamin"]
[Result "1/2-1/2"]
[WhiteElo "2150"]
[BlackElo "2318"]
[PlyCount "89"]
[EventDate "2009.08.06"]

1. e4 e5 2. Nf3 Nc6 3. Bc4 Nf6 4. d3 h6 5. O-O g6 6. Re1 Bg7 7. d4 Qe7 8. c3
O-O 9. Nbd2 d6 10. h3 Nh5 11. Nf1 Nd8 12. Ne3 c6 13. Ng4 Kh7 14. dxe5 dxe5 15.
a4 b6 16. b3 a5 17. Ba3 c5 18. Bd5 Ra7 19. Qc2 Nf4 20. Bc1 h5 21. Ne3 Qf6 22.
h4 Bh6 23. Nc4 Re7 24. Bxf4 Bxf4 25. g3 Bh6 26. Ng5+ Kg7 27. f4 exf4 28. e5 Qf5
29. Qxf5 Bxf5 30. gxf4 Ne6 31. Bxe6 Bxe6 32. Rad1 Rb8 33. Rd6 Bxg5 34. hxg5 Rd7
35. Rxd7 Bxd7 36. Nd6 b5 37. axb5 Bxb5 38. Ra1 Bd7 39. Rxa5 Rxb3 40. Rxc5 Rb1+
41. Kh2 h4 42. Rc7 Rb2+ 43. Kg1 Rb1+ 44. Kh2 Rb2+ 45. Kg1 1/2-1/2

[Event "Open Olomouc 2009"]
[Site "Olomouc (CZE)"]
[Date "2009.08.12"]
[Round "8.15"]
[White "Karlik, Vladimir"]
[Black "Navratil-Sen., Jiri"]
[Result "0-1"]
[WhiteElo "2299"]
[BlackElo "2145"]
[PlyCount "82"]
[EventDate "2009.08.06"]

1. g3 d5 2. Bg2 c6 3. d3 Nf6 4. Nd2 g6 5. e4 dxe4 6. dxe4 Bg7 7. Ngf3 O-O 8.
O-O Qc7 9. Re1 h6 10. Nc4 Be6 11. Qe2 Bxc4 12. Qxc4 e5 13. a4 Nbd7 14. b3 Rfe8
15. Bb2 g5 16. h4 g4 17. Nd2 Rad8 18. Nf1 Nf8 19. Ne3 Ne6 20. c3 Bf8 21. h5 Ng5
22. Qe2 Qd7 23. Red1 Qe6 24. c4 Kh7 25. Rxd8 Rxd8 26. Rd1 Rxd1+ 27. Qxd1 Bc5
28. Bc1 Bxe3 29. Bxe3 Nfxe4 30. Bxa7 Qf5 31. Be3 Nf3+ 32. Kf1 Qxh5 33. Qd7 Kg7
34. Ke2 Nf6 35. Qxb7 Qf5 36. Bxf3 Qc2+ 37. Kf1 gxf3 38. Qb4 Ng4 39. Bd2 Qd1+
40. Be1 Qe2+ 41. Kg1 Ne3 0-1

[Event "Open Olomouc 2009"]
[Site "Olomouc (CZE)"]
[Date "2009.08.13"]
[Round "9.2"]
[White "Pozin, Sergey"]
[Black "Chernyshov, Konstantin"]
[Result "0-1"]
[WhiteElo "2421"]
[BlackElo "2555"]
[PlyCount "118"]
[EventDate "2009.08.06"]

1. d4 e6 2. e4 d5 3. Nc3 dxe4 4. Nxe4 Bd7 5. Nf3 Bc6 6. Bd3 Nd7 7. O-O Ngf6 8.
Ned2 Be7 9. Re1 O-O 10. Qe2 Nd5 11. Ne4 Nb4 12. Bc4 Nf6 13. Neg5 h6 14. Nxe6
Bxf3 15. Qxf3 fxe6 16. Rxe6 Kh8 17. c3 Nbd5 18. Qh3 Rf7 19. Bd3 Bd6 20. g3 Qf8
21. c4 Nb4 22. Bg6 Re7 23. Bd2 Nc6 24. Rxe7 Nxe7 25. Bc2 c5 26. d5 Neg8 27. Bg6
Ne7 28. Bd3 Qc8 29. Qg2 Nf5 30. Re1 Nd4 31. Bc3 Qg4 32. Bxd4 Qxd4 33. Qf3 Qg4
34. Qe3 Kg8 35. Kg2 Re8 36. Qd2 Rxe1 37. Qxe1 b6 38. h3 Qd7 39. Qe2 Qe7 40. Qf3
Qe5 41. b3 Kf8 42. Bf5 Ke7 43. a4 Kd8 44. Bg6 Kc7 45. Qd3 Nd7 46. a5 bxa5 47.
Qd2 Qa1 48. Bf5 Nf6 49. f4 Nd7 50. Bg4 g5 51. Qc2 Nf6 52. Bf3 gxf4 53. gxf4 a4
54. bxa4 Qd4 55. a5 Qxf4 56. Qb3 Qg3+ 57. Kf1 Ne4 58. Qe3 Qxh3+ 59. Ke2 Ng5 0-1

[Event "Open Olomouc 2009"]
[Site "Olomouc (CZE)"]
[Date "2009.08.13"]
[Round "9.3"]
[White "Strebkovs, Andrejs"]
[Black "Dukaczewski, Piotr"]
[Result "1/2-1/2"]
[WhiteElo "2371"]
[BlackElo "2282"]
[PlyCount "36"]
[EventDate "2009.08.06"]

1. d4 Nf6 2. c4 g6 3. Nc3 Bg7 4. e4 d6 5. f3 O-O 6. Be3 Nc6 7. Nge2 a6 8. Rb1
Rb8 9. b4 b5 10. cxb5 axb5 11. d5 Ne5 12. Nd4 Bd7 13. Ncxb5 e6 14. dxe6 fxe6
15. Qc2 c5 16. bxc5 dxc5 17. Qxc5 Nxe4 18. fxe4 Qh4+ {63 moves} 1/2-1/2

[Event "Open Olomouc 2009"]
[Site "Olomouc (CZE)"]
[Date "2009.08.13"]
[Round "9.4"]
[White "Ter-Karapetian, Alex"]
[Black "Kasparov, Sergey"]
[Result "1/2-1/2"]
[WhiteElo "2191"]
[BlackElo "2487"]
[PlyCount "49"]
[EventDate "2009.08.06"]

1. Nf3 Nf6 2. c4 c5 3. Nc3 e6 4. g3 b6 5. Bg2 Bb7 6. O-O d6 7. Re1 Be7 8. e4
Nbd7 9. d4 cxd4 10. Nxd4 Qc7 11. b3 h6 12. Bb2 O-O 13. Rc1 Rac8 14. Rc2 Rfe8
15. Rd2 Qb8 16. f4 Bf8 17. Nc2 b5 18. g4 bxc4 19. g5 cxb3 20. axb3 Nxe4 21.
Nxe4 Bxe4 22. Bxe4 Qxb3 23. Rd3 Qxc2 24. Qxc2 Rxc2 25. Rh3 1/2-1/2

[Event "Open Olomouc 2009"]
[Site "Olomouc (CZE)"]
[Date "2009.08.13"]
[Round "9.5"]
[White "Ianov, Viktor"]
[Black "Neumeier, Lars"]
[Result "1/2-1/2"]
[WhiteElo "2364"]
[BlackElo "2277"]
[PlyCount "68"]
[EventDate "2009.08.06"]

1. g3 Nf6 2. Bg2 d5 3. Nf3 c5 4. O-O Nc6 5. d4 e6 6. c4 dxc4 7. Ne5 Nxe5 8.
dxe5 Qxd1 9. Rxd1 Nd7 10. f4 f6 11. exf6 gxf6 12. Nd2 Rb8 13. Nxc4 b5 14. Na5
Rb6 15. a4 a6 16. axb5 axb5 17. Bc6 Kd8 18. Be3 Kc7 19. Bxd7 Bxd7 20. b4 Ra6
21. bxc5 Be7 22. Rdc1 Rha8 23. Bd2 Bc6 24. Bb4 Bd5 25. Rc2 Kc8 26. Ra3 Bd8 27.
e4 Bxe4 28. Rca2 Bd5 29. Ra1 f5 30. Nc4 Rxa3 31. Nd6+ Kd7 32. Rxa3 Rxa3 33.
Bxa3 Kc6 34. Nf7 Bf6 1/2-1/2

[Event "Open Olomouc 2009"]
[Site "Olomouc (CZE)"]
[Date "2009.08.13"]
[Round "9.6"]
[White "Ptacnikova, Lenka"]
[Black "Jasny, Stanislav"]
[Result "1-0"]
[WhiteElo "2258"]
[BlackElo "2364"]
[PlyCount "99"]
[EventDate "2009.08.06"]

1. e4 c5 2. Nc3 e6 3. Nge2 a6 4. g3 Qc7 5. Bg2 Nf6 6. O-O Nc6 7. d4 cxd4 8.
Nxd4 d6 9. Re1 Be7 10. Nxc6 bxc6 11. e5 dxe5 12. Rxe5 O-O 13. Qe1 Bb7 14. Re2
c5 15. Bf4 Qc8 16. Ne4 Nxe4 17. Bxe4 Bf6 18. Rb1 Bd5 19. Bxd5 exd5 20. Be5 Bxe5
21. Rxe5 Rd8 22. Rd1 Qc6 23. b3 g6 24. Qe2 Rac8 25. Qf3 d4 26. Qxc6 Rxc6 27.
Kf1 Kg7 28. Ke2 Kf6 29. Re4 Rb8 30. Kd3 a5 31. Rde1 Rb7 32. Kc4 a4 33. bxa4 Ra6
34. Kxc5 Rxa4 35. R1e2 Rba7 36. Rf4+ Kg7 37. Rd2 R7a5+ 38. Kd6 Ra6+ 39. Kd5
R6a5+ 40. Ke4 g5 41. Rf3 f5+ 42. Rxf5 d3+ 43. c4 Rxc4+ 44. Kxd3 Raa4 45. Rxg5+
Kf6 46. Rd5 Ke6 47. Ke3 Rc3+ 48. R5d3 Rc1 49. Rd6+ Ke7 50. Rd7+ 1-0

[Event "Open Olomouc 2009"]
[Site "Olomouc (CZE)"]
[Date "2009.08.13"]
[Round "9.7"]
[White "Rojicek, Vojtech"]
[Black "Nemcova, Katerina"]
[Result "1-0"]
[WhiteElo "2405"]
[BlackElo "2251"]
[PlyCount "95"]
[EventDate "2009.08.06"]

1. d4 Nf6 2. c4 g6 3. Nc3 Bg7 4. e4 d6 5. Nf3 O-O 6. h3 Na6 7. Bg5 c5 8. d5 Nc7
9. Bd3 a6 10. a4 b6 11. O-O h6 12. Bf4 e5 13. Be3 Bd7 14. Nh2 Nh5 15. Qd2 g5
16. Be2 Nf4 17. Bg4 Qc8 18. f3 Ne8 19. g3 Ng6 20. Kg2 f5 21. Bxf5 Bxf5 22. exf5
Qxf5 23. Ne4 a5 24. Ra3 Ra7 25. Qd3 Kh8 26. Bd2 Ne7 27. Rb3 Nc8 28. Ng4 Raf7
29. Rh1 Kg8 30. h4 h5 31. Ngf2 g4 32. fxg4 Qxf2+ 33. Nxf2 Rxf2+ 34. Kh3 hxg4+
35. Kxg4 e4 36. Qc2 Bh6 37. Kh3 Rxd2 38. Qxe4 Nf6 39. Qe6+ Kh8 40. Rf3 Bg7 41.
Rhf1 Re8 42. Qf7 Rf8 43. Qe6 Re8 44. Rxf6 Rxe6 45. Rxe6 Rxb2 46. h5 Rb4 47. h6
Rxc4 48. Rf7 1-0

[Event "Open Olomouc 2009"]
[Site "Olomouc (CZE)"]
[Date "2009.08.13"]
[Round "9.8"]
[White "Tikkanen, Hans"]
[Black "Kirsanova, Ekaterina"]
[Result "1-0"]
[WhiteElo "2434"]
[BlackElo "2131"]
[PlyCount "103"]
[EventDate "2009.08.06"]

1. d4 d5 2. c4 dxc4 3. Nf3 Nf6 4. e3 e6 5. Bxc4 c5 6. O-O a6 7. a3 b5 8. Ba2
Bb7 9. Nc3 Nbd7 10. Qe2 Bd6 11. Rd1 Qc7 12. d5 exd5 13. Nxd5 Nxd5 14. Bxd5 Bxd5
15. Rxd5 Nf6 16. Rg5 h6 17. Rxg7 Kf8 18. Rg3 Bxg3 19. hxg3 c4 20. e4 Rd8 21.
Bd2 Rxd2 22. Qxd2 Qd7 23. Qf4 Kg7 24. e5 Nh7 25. Nh4 Rf8 26. Nf5+ Kh8 27. Nxh6
a5 28. Rc1 Qe6 29. Rd1 b4 30. axb4 axb4 31. Rd6 Qe7 32. Qxc4 Qxe5 33. Qd4 Qxd4
34. Rxd4 Kg7 35. Nf5+ Kf6 36. Ne3 b3 37. Rb4 Ng5 38. Rxb3 Rc8 39. Rc3 Ra8 40.
Ra3 Rb8 41. b4 Ne6 42. Rb3 Rb5 43. Nc4 Nd4 44. Na3 Rb8 45. Rb2 Ra8 46. Nc4 Ra1+
47. Kh2 Nb5 48. g4 Ra8 49. Kg3 Rb8 50. f3 Ke6 51. Nd2 Rc8 52. Ne4 {
necitelny zapis (66 tahu)} 1-0

[Event "Open Olomouc 2009"]
[Site "Olomouc (CZE)"]
[Date "2009.08.13"]
[Round "9.9"]
[White "Rudolf, Michal"]
[Black "Faerman, Igor"]
[Result "1/2-1/2"]
[WhiteElo "2383"]
[BlackElo "2249"]
[PlyCount "69"]
[EventDate "2009.08.06"]

1. e4 c5 2. Nf3 e6 3. d4 cxd4 4. Nxd4 Nf6 5. Nc3 Nc6 6. Be2 d6 7. O-O Be7 8.
Kh1 O-O 9. f4 Bd7 10. Be3 Nxd4 11. Bxd4 Bc6 12. Bd3 Nd7 13. Qg4 e5 14. Be3 exf4
15. Bxf4 Nf6 16. Qh3 Qd7 17. Qxd7 Bxd7 18. Nd5 Nxd5 19. exd5 Rfe8 20. Rae1 Bf8
21. Kg1 Rxe1 22. Rxe1 g6 23. Kf2 f5 24. b3 Re8 25. Rxe8 Bxe8 26. c4 Bd7 27. Be3
b6 28. Bg5 Kf7 29. Bd8 Ke8 30. Bf6 Kf7 31. Bd4 Bg7 32. Bxg7 Kxg7 33. Ke3 Kf6
34. Kd4 a5 35. a3 1/2-1/2